| 000 -LEADER |
| fixed length control field |
00672nam a2200229Ia 4500 |
| 001 - CONTROL NUMBER |
| control field |
958 |
| 003 - CONTROL NUMBER IDENTIFIER |
| control field |
GE_BSU |
| 008 - FIXED-LENGTH DATA ELEMENTS--GENERAL INFORMATION |
| fixed length control field |
181216s||||||||xx |||||||||||||| ||und|| |
| 020 ## - INTERNATIONAL STANDARD BOOK NUMBER |
| International Standard Book Number |
5060037568 |
| 040 ## - CATALOGING SOURCE |
| Transcribing agency |
GE_BSU |
| 080 ## - UNIVERSAL DECIMAL CLASSIFICATION NUMBER |
| Universal Decimal Classification number |
94(5) |
| 245 ## - TITLE STATEMENT |
| Title |
История древнего востока.Тексты и документы |
| 245 ## - TITLE STATEMENT |
| Remainder of title |
Учебник для студ. высш учеб. завед. |
| 245 ## - TITLE STATEMENT |
| Statement of responsibility, etc. |
Под.ред.Кузищина В.И. |
| 260 ## - PUBLICATION, DISTRIBUTION, ETC. |
| Place of publication, distribution, etc. |
Москва . |
| 260 ## - PUBLICATION, DISTRIBUTION, ETC. |
| Name of publisher, distributor, etc. |
,,Высшая школа |
| 260 ## - PUBLICATION, DISTRIBUTION, ETC. |
| Date of publication, distribution, etc. |
2008 |
| 300 ## - PHYSICAL DESCRIPTION |
| Extent |
720 с. |
| 653 ## - INDEX TERM--UNCONTROLLED |
| Uncontrolled term |
История древнего востока |
| 942 ## - ADDED ENTRY ELEMENTS (KOHA) |
| Koha item type |
წიგნი |